| 000 | 00864nam a2200265 a 4500 | ||
|---|---|---|---|
| 001 | 4439512 | ||
| 003 | OSt | ||
| 005 | 20110614160644.0 | ||
| 008 | 940406s1992 tnua 000 0 eng | ||
| 010 | _a 94141663 | ||
| 020 | _a0647162539 | ||
| 040 |
_aDLC _cDLC |
||
| 050 | 0 | 0 |
_aBS195 _b.T63 1992 |
| 082 | 0 | 0 |
_a220.5208 _222 |
| 130 | 0 |
_aBible. _lEnglish. _sToday's English. _fc1976. _95541 |
|
| 245 | 1 | 0 | _aGood news Bible : Today's English Version / |
| 250 | _a4th ed. _ | ||
| 260 |
_aNewYork : _bAmerican Bible Society, _cc1992. |
||
| 300 |
_axiv, 361 p. : _bill. ; _c19 cm. |
||
| 710 | 2 |
_aAmerican Bible Society _95542 |
|
| 906 |
_a7 _bcbc _corignew _d2 _encip _f19 _gy-gencatlg |
||
| 942 |
_2ddc _cREF |
||
| 999 |
_c2936 _d2936 |
||